ბათუმის შოთა რუსთაველის სახელმწიფო უნივერსიტეტის ბიბლიოთეკა

Конституционный судебный процесс : (ბიბ.ჩანაწერი № 36069)

000 -LEADER
fixed length control field 00808nam a2200217Ia 4500
001 - CONTROL NUMBER
control field 1969
003 - CONTROL NUMBER IDENTIFIER
control field GE_BSU
005 - DATE AND TIME OF LATEST TRANSACTION
control field 20221006151454.0
008 - FIXED-LENGTH DATA ELEMENTS--GENERAL INFORMATION
fixed length control field 181216s2004ru xx |||||||||||||| ||rus||
020 ## - INTERNATIONAL STANDARD BOOK NUMBER
International Standard Book Number 5891237431
040 ## - CATALOGING SOURCE
Transcribing agency GE_BSU
041 ## - LANGUAGE CODE
Language code of text/sound track or separate title rus
080 ## - UNIVERSAL DECIMAL CLASSIFICATION NUMBER
Universal Decimal Classification number 342.56(075.8) К-65
245 ## - TITLE STATEMENT
Title Конституционный судебный процесс :
Remainder of title Учебник для вузов /
Statement of responsibility, etc. Отв.ред.М.С.Саликов
264 ## - PRODUCTION, PUBLICATION, DISTRIBUTION, MANUFACTURE, AND COPYRIGHT NOTICE
Place of production, publication, distribution, manufacture Москва :
Name of producer, publisher, distributor, manufacturer Норма,
Date of production, publication, distribution, manufacture, or copyright notice 2004.
300 ## - PHYSICAL DESCRIPTION
Extent 416 стр.:
Other physical details 21см.
653 ## - INDEX TERM--UNCONTROLLED
keyword Конституционный судебный процесс
653 ## - INDEX TERM--UNCONTROLLED
keyword საკონსტიტუციო სამართალწარმოება
700 ## - ADDED ENTRY--PERSONAL NAME
Personal name Саликов, М.С
Relator term რედასქტორი
9 (RLIN) 15117
942 ## - ADDED ENTRY ELEMENTS (KOHA)
Koha item type წიგნი
Source of classification or shelving scheme
ეგზემპლარები
Withdrawn status Lost status Source of classification or shelving scheme Damaged status Not for loan Permanent Location Current Location Shelving location Date acquired Cost, normal purchase price Full call number Barcode Date last seen Copy number Price effective from Koha item type Public note
          ბათუმის შოთა რუსთაველის სახელმწიფო უნივერსიტეტის მთავარი ბიბლიოთეკა ბათუმის შოთა რუსთაველის სახელმწიფო უნივერსიტეტის მთავარი ბიბლიოთეკა წიგნსაცავი 2018-12-17 18.00 342.56(075.8) К-65 3874 2018-12-17 3874 2018-12-17 წიგნი 18.00